| 000 | 00665nam a2200205 a 4500 | ||
|---|---|---|---|
| 001 | 000004775 | ||
| 005 | 20200929151512.0 | ||
| 008 | 090727s1980 sp a 000 0 spa d | ||
| 020 | _a8470311565 | ||
| 040 |
_aDO-SdBNP _bspa _cBNPHU |
||
| 082 |
_axxx _bE979g |
||
| 100 | 1 |
_aEyot, Yves _913879 |
|
| 245 | 1 | 0 |
_aGénesis de los fenómenos estéticos / _cYves Eyot; traductora Graziellla Baravalle. |
| 246 | 1 | _aGenesé des phénoménes esthétiques | |
| 260 |
_aBarcelona : _bBlume, _c1980. |
||
| 300 |
_a444 p. : _bil. ; _c18 cm . |
||
| 504 | _aIncluye referencias y notas al pie de las páginas | ||
| 700 | 1 |
_aBaravalle, Graziella _ctraductora _913880 |
|
| 049 | _aBNPD | ||
| 999 |
_c4581 _d4581 |
||